000 00587nam a2200241Ia 4500
003 OSt
005 20221007115750.0
006 a|||||r|||| 00| 0
007 ta
008 221006b |||||||| |||| 00| 0 eng d
024 _a38,078
037 _cTextual
040 _aLCO
_cLCO
_beng
041 _2eng
_aeng
082 _aZ2,94, N2
100 _aBERRYMAN Jeffrey B.
_9709851
245 0 _aRemedies
_b Cases and Materials
250 _a2nd
260 _c1992
300 _a1105
942 _hZ2,94, N2
_cTEXL
999 _c1207641
_d1207641